| 000 | 00518nam a2200181Ia 4500 | ||
|---|---|---|---|
| 001 | 3808 | ||
| 005 | 20260306145710.0 | ||
| 008 | 260306t2022||||xx |||||||||||||| ||spa|| | ||
| 041 | _aESP | ||
| 082 |
_a303.4833 _bL81 |
||
| 100 |
_aLoayza Javier, Jerjes, _eAUT |
||
| 245 | 0 |
_aSensibilidades e imaginarios virtuales : _bconsumos tecnológicos electronales y consecuencias en la población juvenil |
|
| 260 | _c2022 | ||
| 300 |
_a252 páginas : _c23 cm. |
||
| 650 | _aGEN | ||
| 654 | _aCHU | ||
| 942 |
_cLIB _dJUS _fJUS _2ddc _n |
||
| 999 |
_c3808 _d3808 |
||